000 00726nam a2200181Ia 4500
008 151202s9999||||xx |||||||||||||| ||und||
082 _bPNVM-46462
100 _aओशो /अनु. टाकळकर मीना.
245 _aमुग्ध कहाणी प्रेमाची.
260 _b"मेहता पब्लिशिंग हाऊस, पुणे."
260 _c2005
300 _a157
600 _aओशो /अनु. टाकळकर मीना.
630 _aमुग्ध कहाणी प्रेमाची.
700 _aओशो /अनु. टाकळकर मीना.
730 _aमुग्ध कहाणी प्रेमाची.
942 _cBOOK
999 _c1312412
_d1312409